000 00634nam a2200205Ia 4500
003 IN-BaIIA
008 211028s9999 xx 000 0 eng d
040 _cIIA Library
080 _a34(09)
_bJOI
100 _aJois, M. R.
_920312
245 0 _aLegal and constitutional history of India
_bvol. I, ancient legal, judicial and constitutional system.
_cM. R. Jois
260 _aBombay
_bN.M.Tripathi
_c1984
300 _axxiv, 723p.
650 _aCivil Law
_920313
650 _aConstitutional System
_920314
650 _aCostitutional Law
_920315
650 _aJudicial System
_920316
650 _aLegal System
_920317
942 _cBK
999 _c11730
_d11730